000 00975nam a2200277 a 4500
001 26556
003 BD-RjUL
005 20211209051031.0
008 140322s1956 enk b 001 0 eng d
035 _a(BD-RjUL)26626
035 _a(BD-RjUL)26626
040 _aEQO
_cEQO
_beng
_dBD-RjUL
041 _aeng
082 _a942
_bENG V-12 1970
245 0 0 _aEnglish historical documents, 1833-1874 /
_cedited by G.M. Young and W.D. Handcock.
_nVOLUME XII (1).
260 _aLondon :
_bEyre & Spottiswoode,
_c1956 [reprint 1970].
300 _axxiii, 1017 p. :
_bill . ;
_c24 cm.
490 1 _aEnglish historical documents ;
_v12, pt. 1
500 _aEnglish historical documents, v. 12, part 1.
651 0 _aGreat Britain
_xHistory
_y19th century
_vSources.
_93067
830 0 _v12, pt. 1
_9115121
700 1 _aYoung, G. M.
_q(George Malcolm),
_d1882-1959.
_970434
700 1 _aHandcock, W. D.
_981687
830 0 _aEnglish historical documents ;
_9114968
942 _2ddc
_cBK
999 _c26556
_d26556